LIBRARY & INFORMATION CENTRE, KCAET, TAVANUR

ONLINE PUBLIC ACCESS CATALOGUE (OPAC)

Remote sensing applications in meteorology and climatology / (Record no. 11304)

MARC details
000 -LEADER
fixed length control field 00440cam a2200157ua 4500
020 ## - INTERNATIONAL STANDARD BOOK NUMBER
ISBN 90-277-2502-0
041 ## - LANGUAGE CODE
Language code of text/sound track or separate title eng
082 ## - DEWEY DECIMAL CLASSIFICATION NUMBER
Classification number 551.5
Item number VAU/RE
100 ## - MAIN ENTRY--AUTHOR NAME
Personal name Vaughan, Robin A .
245 ## - TITLE STATEMENT
Title Remote sensing applications in meteorology and climatology /
260 ## - PUBLICATION, DISTRIBUTION, ETC. (IMPRINT)
Place of publication Boston :
Name of publisher D Reidel publishing company ,
Year of publication 1986.
300 ## - PHYSICAL DESCRIPTION
Number of Pages 480 ; .
942 ## - ADDED ENTRY ELEMENTS (KOHA)
Koha item type Books
Holdings
Withdrawn status Lost status Damaged status Home library Current library Date acquired Full call number Accession Number Koha item type
      KAUAET KAUAET 07/04/2012 551.5 VAU/RE 17776 Books
free website counter